Places To Study
There are group study rooms, individual study carrels, computer labs, and other spaces to study in the Libraries.
Reserve A Group Room| 000 -LEADER | |
|---|---|
| fixed length control field | 00779nam a22001817a 4500 |
| 003 - CONTROL NUMBER IDENTIFIER | |
| control field | OSt |
| 005 - DATE AND TIME OF LATEST TRANSACTION | |
| control field | 20251215141213.0 |
| 008 - FIXED-LENGTH DATA ELEMENTS--GENERAL INFORMATION | |
| fixed length control field | 251215b |||||||| |||| 00| 0 eng d |
| 040 ## - CATALOGING SOURCE | |
| Transcribing agency | DCL |
| 082 ## - DEWEY DECIMAL CLASSIFICATION NUMBER | |
| Classification number | ၂၉၄.၃၈၂၄၇ |
| 100 0# - MAIN ENTRY--PERSONAL NAME | |
| Personal name | ကျော်ထွတ်၊ ဦး၊ ဆရာ- |
| 245 00 - TITLE STATEMENT | |
| Title | မဉ္ဇူသကပဋ္ဌာန်း / |
| Statement of responsibility, etc. | ဆရာဦးကျော်ထွတ်။ |
| 260 ## - PUBLICATION, DISTRIBUTION, ETC. | |
| Place of publication, distribution, etc. | ရန်ကုန် ၊ |
| Name of publisher, distributor, etc. | သာသနာရေးဦးစီး၊ |
| Date of publication, distribution, etc. | ၁၉၈၄။ |
| 300 ## - PHYSICAL DESCRIPTION | |
| Extent | ၄၀၀ စာမျက်နှာ ၊ |
| Dimensions | ၂၀ စင်တီ။ |
| 504 ## - BIBLIOGRAPHY, ETC. NOTE | |
| Bibliography, etc. note | ကျမ်းကိုးစာရင်းပါဝင်သည်။ |
| 650 ## - SUBJECT ADDED ENTRY--TOPICAL TERM | |
| Topical term or geographic name entry element | ပဋ္ဌာန်း။ |
| 942 ## - ADDED ENTRY ELEMENTS (KOHA) | |
| Source of classification or shelving scheme | Dewey Decimal Classification |
| Koha item type | Short Term |
| Suppress in OPAC | No |
| Withdrawn status | Lost status | Source of classification or shelving scheme | Damaged status | Not for loan | Collection | Accession No. | Home library | Current library | Shelving location | Date acquired | Total checkouts | Full call number | Barcode | Date last seen | Price effective from | Koha item type |
|---|---|---|---|---|---|---|---|---|---|---|---|---|---|---|---|---|
| Dewey Decimal Classification | Myanmar Collection | ၂၇၁ | Dhammadhara | Dhammadhara | Myanmar Shelves | 15/12/2025 | ၂၉၄.၃၈၂၄၇ ကျော် ၂၇၁ | MB00000271 | 15/12/2025 | 15/12/2025 | Short Term |